International community and human rights in North Korea (Record no. 2002)

MARC details
000 -LEADER
fixed length control field 00450nam a2200157Ia 4500
020 ## - INTERNATIONAL STANDARD BOOK NUMBER
ISBN 89-86763-01-X
082 ## - DEWEY DECIMAL CLASSIFICATION NUMBER
Classification number 341.48109513 INT;
245 #0 - TITLE STATEMENT
Title International community and human rights in North Korea
260 ## - PUBLICATION, DISTRIBUTION, ETC. (IMPRINT)
Place of publication Seoul
Name of publisher Institute of Unification Policy
Year of publication 1996
300 ## - PHYSICAL DESCRIPTION
Number of Pages 310p.
650 ## - SUBJECT ADDED ENTRY--TOPICAL TERM
Topical Term Human rights - Korea (North)
650 ## - SUBJECT ADDED ENTRY--TOPICAL TERM
Topical Term Liberty - Korea (North)
650 ## - SUBJECT ADDED ENTRY--TOPICAL TERM
Topical Term Democracy - Korea (North)
700 ## - ADDED ENTRY--PERSONAL NAME
Personal name Choi, Sung-Chul
942 ## - ADDED ENTRY ELEMENTS (KOHA)
Koha item type Books
Holdings
Withdrawn status Lost status Damaged status Not for loan Home library Current library Date acquired Bill Date Full call number Accession Number Price effective from Koha item type
        NASSDOC Library NASSDOC Library 08/06/2004 2008-12-30 341.48109513 INT; 35871 18/04/2019 Books